[Event "EYTCC U18 Girls 2019"]
[Site "Pardubice"]
[Date "2019.07.14"]
[Round "4.39"]
[White "Cvitan, Ena"]
[Black "Jaufarally, Nadia"]
[Result "1-0"]
[WhiteElo "2202"]
[BlackElo "1944"]
[Annotator "NA"]
[PlyCount "43"]
[EventDate "2019.07.11"]
[EventType "swiss"]
[EventCountry "CZE"]
[SourceTitle "playchess.com"]
[Source "ChessBase"]
[SourceQuality "1"]
[WhiteTeam "Croatia"]
[BlackTeam "England"]
[WhiteTeamCountry "CRO"]
[BlackTeamCountry "ENG"]
[TimeControl "40/5400+30:1800+30"]

1. d4 {[%emt 0:01:28]} Nf6 {[%emt 0:00:00]} 2. c4 {[%emt 0:00:03]} g6 {[%emt 0:00:00]} 3. Nc3 {[%emt 0:00:02]} Bg7 {[%emt 0:00:00]} 4. e4 {[%emt 0:00:05]} d6 {[%emt 0:00:02]} 5. h3 {[%emt 0:00:04]} O-O {[%emt 0:00:20]} 6. Be3 {[%emt 0:00:02]} e5 {[%emt 0:00:10]} 7. d5 {[%emt 0:00:23]} Na6 {[%emt 0:01:55]} 8. g4 {[%emt 0:07:20]} c6 {[%emt 0:00:58]} 9. Nge2 {[%emt 0:01:29]} cxd5 {[%emt 0:00:26]} 10. cxd5 {[%emt 0:00:42]} h5 {[%emt 0:00:28]} 11. Ng3 {[%emt 0:13:13]} hxg4 {[%emt 0:12:32]} 12. Qd2 {[%emt 0:01:38]} gxh3 {[%emt 0:04:28]} 13. Bxh3 {[%emt 0:08:58]} Bxh3 {[%emt 0:21:22]} 14. Rxh3 {[%emt 0:00:07]} Ng4 {[%emt 0:01:36]} 15. O-O-O {[%emt 0:05:54]} Nxe3 {[%emt 0:03:09]} 16. Qxe3 {[%emt 0:12:42]} Qf6 {[%emt 0:28:06]} 17. Kb1 {[%emt 0:06:11]} Rfc8 {[%emt 0:05:22]} 18. Rg1 {[%emt 0:02:26]} Kf8 {[%emt 0:02:07]} 19. Rh7 {[%emt 0:02:47]} Bh8 {[%emt 0:07:07]} 20. Qh6+ {[%emt 0:06:40]} Ke7 {[%emt 0:00:17]} 21. Nf5+ {[%emt 0:00:38]} Kd7 {[%emt 0:02:59]} 22. Rxg6 {[%emt 0:00:27]} 1-0

[Event "EYTCC U18 Girls 2019"]
[Site "Pardubice"]
[Date "2019.07.14"]
[Round "4.40"]
[White "Rahulan, Thivyaa"]
[Black "Koksa, Jelena"]
[Result "1-0"]
[WhiteElo "1878"]
[BlackElo "1781"]
[Annotator "NA"]
[PlyCount "85"]
[EventDate "2019.07.11"]
[EventType "swiss"]
[EventCountry "CZE"]
[SourceTitle "playchess.com"]
[Source "ChessBase"]
[SourceQuality "1"]
[WhiteTeam "England"]
[BlackTeam "Croatia"]
[WhiteTeamCountry "ENG"]
[BlackTeamCountry "CRO"]
[TimeControl "40/5400+30:1800+30"]

1. e4 {[%emt 0:00:00]} e5 {[%emt 0:00:54]} 2. Nf3 {[%emt 0:00:00]} Nc6 {[%emt 0:00:10]} 3. Bc4 {[%emt 0:00:15]} Bc5 {[%emt 0:00:07]} 4. d3 {[%emt 0:00:39]} Nf6 {[%emt 0:00:20]} 5. O-O {[%emt 0:00:42]} a6 {[%emt 0:00:50]} 6. Bb3 {[%emt 0:00:41]} Ba7 {[%emt 0:00:39]} 7. h3 {[%emt 0:01:45]} d6 {[%emt 0:00:56]} 8. c3 {[%emt 0:00:12]} h6 {[%emt 0:00:10]} 9. Re1 {[%emt 0:01:12]} g5 {[%emt 0:05:17]} 10. Nh2 {[%emt 0:14:48]} Rg8 {[%emt 0:04:25]} 11. Be3 {[%emt 0:02:30]} h5 {[%emt 0:02:41]} 12. Bxa7 {[%emt 0:03:41]} Rxa7 {[%emt 0:02:43]} 13. Re3 {[%emt 0:07:34]} Qe7 {[%emt 0:15:51]} 14. Nd2 {[%emt 0:09:46]} Nd8 {[%emt 0:06:13]} 15. d4 {[%emt 0:04:29]} Ne6 {[%emt 0:10:45]} 16. Bxe6 {[%emt 0:01:22]} Bxe6 {[%emt 0:01:34]} 17. d5 {[%emt 0:05:07]} Bd7 {[%emt 0:00:08]} 18. c4 {[%emt 0:00:20]} Qf8 {[%emt 0:03:57]} 19. Rc1 {[%emt 0:02:42]} b6 {[%emt 0:09:24]} 20. b4 {[%emt 0:01:17]} a5 {[%emt 0:00:10]} 21. a3 {[%emt 0:04:36]} axb4 {[%emt 0:01:39]} 22. axb4 {[%emt 0:00:12]} Qh6 {[%emt 0:02:15]} 23. Rec3 {[%emt 0:06:46]} Ra2 {[%emt 0:02:44]} 24. Rd3 {[%emt 0:07:49]} g4 {[%emt 0:04:19]} 25. h4 {[%emt 0:02:30]} Ke7 {[%emt 0:06:35]} 26. Ra1 {[%emt 0:04:43]} Rga8 {[%emt 0:01:14]} 27. Rxa2 {[%emt 0:00:09]} Rxa2 {[%emt 0:00:03]} 28. Nhf1 {[%emt 0:00:43]} Ba4 {[%emt 0:06:01]} 29. Qb1 {[%emt 0:06:30]} Bc2 {[%emt 0:00:50]} 30. Qxa2 {[%emt 0:00:08]} Bxd3 {[%emt 0:00:03]} 31. Ng3 {[%emt 0:00:13]} Qg6 {[%emt 0:05:08]} 32. Nf5+ {[%emt 0:00:23]} Kd7 {[%emt 0:01:14]} 33. Qa4+ {[%emt 0:00:23]} Kd8 {[%emt 0:00:09]} 34. Qa8+ {[%emt 0:00:44]} Kd7 {[%emt 0:00:02]} 35. Qc6+ {[%emt 0:00:41]} Kd8 {[%emt 0:00:06]} 36. Qa8+ {[%emt 0:07:12]} Kd7 {[%emt 0:00:04]} 37. Qf8 {[%emt 0:01:56]} Ng8 {[%emt 0:02:35]} 38. Ng7 {[%emt 0:01:21]} Nf6 {[%emt 0:02:22]} 39. Nf5 {[%emt 0:01:43]} Ng8 {[%emt 0:00:04]} 40. c5 {[%emt 0:00:29]} bxc5 {[%emt 0:00:43]} 41. bxc5 {[%emt 0:30:14]} dxc5 {[%emt 0:30:20]} 42. Nb3 {[%emt 0:00:09]} c6 {[%emt 0:00:00]} 43. Nxc5+ 1-0

[Event "EYTCC U18 Girls 2019"]
[Site "Pardubice"]
[Date "2019.07.14"]
[Round "4.41"]
[White "Koubova, Anna Marie"]
[Black "Pribylova, Sofie"]
[Result "1/2-1/2"]
[WhiteElo "2094"]
[BlackElo "2093"]
[Annotator "NA"]
[PlyCount "61"]
[EventDate "2019.07.11"]
[EventType "swiss"]
[EventCountry "CZE"]
[SourceTitle "playchess.com"]
[Source "ChessBase"]
[SourceQuality "1"]
[WhiteTeam "Czech Republic"]
[BlackTeam "Czech Republic"]
[WhiteTeamCountry "CZE"]
[BlackTeamCountry "CZE"]
[TimeControl "40/5400+30:1800+30"]

1. d4 {[%emt 0:00:00]} d5 {[%emt 0:00:00]} 2. c4 {[%emt 0:00:31]} c6 {[%emt 0:00:19]} 3. cxd5 {[%emt 0:01:26]} cxd5 {[%emt 0:00:17]} 4. Nf3 {[%emt 0:00:22]} Nc6 {[%emt 0:02:44]} 5. Nc3 {[%emt 0:00:19]} Nf6 {[%emt 0:01:38]} 6. Bf4 {[%emt 0:02:06]} Bf5 {[%emt 0:05:48]} 7. e3 {[%emt 0:03:03]} e6 {[%emt 0:00:54]} 8. Bd3 {[%emt 0:07:02]} Bxd3 {[%emt 0:08:48]} 9. Qxd3 {[%emt 0:00:05]} Bd6 {[%emt 0:01:09]} 10. Bxd6 {[%emt 0:03:20]} Qxd6 {[%emt 0:00:06]} 11. O-O {[%emt 0:01:28]} O-O {[%emt 0:02:46]} 12. Rfc1 {[%emt 0:05:31]} Rfc8 {[%emt 0:05:47]} 13. a3 {[%emt 0:02:58]} a6 {[%emt 0:02:30]} 14. Na4 {[%emt 0:02:00]} Nd7 {[%emt 0:03:25]} 15. Nc5 {[%emt 0:01:25]} Nxc5 {[%emt 0:01:17]} 16. Rxc5 {[%emt 0:00:26]} Ne7 {[%emt 0:07:21]} 17. Rac1 {[%emt 0:00:29]} Rxc5 {[%emt 0:02:31]} 18. Rxc5 {[%emt 0:03:49]} Rc8 {[%emt 0:00:54]} 19. Rxc8+ {[%emt 0:00:17]} Nxc8 {[%emt 0:00:06]} 20. Ne1 {[%emt 0:01:31]} Qc7 {[%emt 0:04:07]} 21. Qc2 {[%emt 0:01:26]} Qxc2 {[%emt 0:00:28]} 22. Nxc2 {[%emt 0:00:06]} Nd6 {[%emt 0:00:41]} 23. Nb4 {[%emt 0:00:58]} Nc4 {[%emt 0:01:01]} 24. Nd3 {[%emt 0:00:23]} Kf8 {[%emt 0:00:09]} 25. Nc5 {[%emt 0:01:41]} Nxb2 {[%emt 0:01:04]} 26. Nxb7 {[%emt 0:00:24]} Nc4 {[%emt 0:00:04]} 27. Nc5 {[%emt 0:00:38]} Nxa3 {[%emt 0:00:18]} 28. Nxa6 {[%emt 0:00:10]} Nc4 {[%emt 0:00:37]} 29. Nc5 {[%emt 0:00:39]} Ke7 {[%emt 0:00:06]} 30. Kf1 {[%emt 0:00:31]} Kd6 {[%emt 0:01:26]} 31. Ke2 {[%emt 0:00:48] Ke5} 1/2-1/2

[Event "EYTCC U18 Girls 2019"]
[Site "Pardubice"]
[Date "2019.07.14"]
[Round "4.42"]
[White "Nemcova, Karin"]
[Black "Laurincova, Kristyna"]
[Result "1/2-1/2"]
[WhiteElo "1956"]
[BlackElo "2010"]
[Annotator "NA"]
[PlyCount "45"]
[EventDate "2019.07.11"]
[EventType "swiss"]
[EventCountry "CZE"]
[SourceTitle "playchess.com"]
[Source "ChessBase"]
[SourceQuality "1"]
[WhiteTeam "Czech Republic"]
[BlackTeam "Czech Republic"]
[WhiteTeamCountry "CZE"]
[BlackTeamCountry "CZE"]
[TimeControl "40/5400+30:1800+30"]

1. e4 c5 2. Nf3 {[%emt 0:00:20]} Nc6 {[%emt 0:00:15]} 3. d4 {[%emt 0:00:16]} cxd4 {[%emt 0:01:14]} 4. Nxd4 {[%emt 0:01:39]} g6 {[%emt 0:00:40]} 5. Nc3 {[%emt 0:10:17]} Bg7 {[%emt 0:00:57]} 6. Be3 {[%emt 0:00:53]} Nf6 {[%emt 0:00:41]} 7. Be2 {[%emt 0:03:32]} O-O {[%emt 0:06:52]} 8. O-O {[%emt 0:01:01]} d5 {[%emt 0:10:01]} 9. exd5 {[%emt 0:06:39]} Nxd5 {[%emt 0:00:51]} 10. Nxd5 {[%emt 0:01:23]} Qxd5 {[%emt 0:00:37]} 11. Bf3 {[%emt 0:00:53]} Qc4 {[%emt 0:03:24]} 12. Nxc6 {[%emt 0:00:31]} bxc6 {[%emt 0:00:14]} 13. c3 {[%emt 0:00:27]} Be6 {[%emt 0:04:19]} 14. b3 {[%emt 0:02:41]} Qxc3 {[%emt 0:04:05]} 15. Rc1 {[%emt 0:00:58]} Qa5 {[%emt 0:01:31]} 16. Bxc6 {[%emt 0:01:38]} Rac8 {[%emt 0:01:49]} 17. Qe2 {[%emt 0:01:31]} Rfd8 {[%emt 0:01:56]} 18. h3 {[%emt 0:02:40]} Bd4 {[%emt 0:01:23]} 19. Bh6 {[%emt 0:01:22]} Bg7 {[%emt 0:02:21]} 20. Be3 {[%emt 0:01:52]} Bd4 {[%emt 0:00:49]} 21. Bh6 {[%emt 0:01:00]} Bg7 {[%emt 0:00:19]} 22. Be3 {[%emt 0:00:20]} Bd4 {[%emt 0:00:49]} 23. Bh6 {[%emt 0:00:32]} 1/2-1/2

[Event "EYTCC U18 Girls 2019"]
[Site "Pardubice"]
[Date "2019.07.15"]
[Round "5.25"]
[White "Ferkova, Dominika"]
[Black "Salimova, Nurgyul"]
[Result "0-1"]
[WhiteElo "2009"]
[BlackElo "2416"]
[Annotator "TA"]
[PlyCount "112"]
[EventDate "2019.07.11"]
[EventType "swiss"]
[EventCountry "CZE"]
[SourceTitle "playchess.com"]
[Source "ChessBase"]
[SourceQuality "1"]
[WhiteTeam "Slovakia"]
[BlackTeam "Bulgaria"]
[WhiteTeamCountry "SVK"]
[BlackTeamCountry "BUL"]

{[%evp 21,112,14,24,12,19,16,32,0,0,-54,-19,-90,-78,-92,-88,-96,-103,-116,-113,-187,-131,-131,-112,-121,-112,-141,-136,-136,-134,-141,-141,-134,-137,-131,-131,-131,-134,-136,-119,-121,-121,-125,-123,-135,-136,-166,-154,-1320,-1316,-1316,-122,-133,-92,-328,-305,-1230,-283,-287,-287,-287,-287,-287,-287,-287,-287,-287,-284,-283,-283,-283,-283,-283,-283,-283,-266,-352,-345,-368,-339,-330,-335,-333,-328,-377,-384,-1302,-1108,-731,-707,-29984,-29985,-29985,-29986]} 1. d4 Nf6 2. c4 g6 3. Nc3 d5 4. cxd5 Nxd5 5. e4 Nxc3 6. bxc3 Bg7 7. Bc4 c5 8. Ne2 O-O 9. O-O Nc6 10. Be3 Qc7 11. Rc1 b6 12. Bf4 {D87: Exchange Grünfeld: Classical Line: Variations without ...cxd4} e5 13. Bg3 (13. Be3 exd4 14. cxd4 cxd4 15. Nxd4 Bxd4 16. Bxd4 Nxd4 17. Qxd4 Qe7 18. Bd5 Bb7 19. h4 Rfe8 {½-½ (44) Korobov,A (2675)-Shankland,S (2679) Baku 2016}) 13... Na5 14. Bd3 $146 {White is slightly better.} (14. Bd5 $5 {[%cal Rd5a8]} Bb7 15. dxe5 $11) ({Predecessor:} 14. Bd5 Bb7 15. Bxb7 Nxb7 16. f4 exf4 17. Bxf4 Qe7 18. Qd3 Rad8 19. d5 Rfe8 {0-1 (67) Zakharov,A (2062)-Timoshenkov,A (2176) Bratsk 2016}) 14... Qe7 {[%cal Re5d4]} 15. dxe5 (15. f4 $11) 15... Bb7 {With the idea ...Rad8.} 16. c4 (16. Nf4 $11) 16... Rad8 $1 $36 {[%mdl 2048] Keeping White busy.} 17. Qc2 {[#]} Nc6 $1 {[%cal Rc6b4] Strongly threatening ...Nb4.} 18. a3 Nxe5 19. Bxe5 Bxe5 20. Nc3 (20. f4 $17 Bg7 21. Ng3) 20... Bxc3 ({Black should try} 20... Qd6 $19 21. Rfd1 Bxh2+ 22. Kf1 Be5) 21. Qxc3 Rd4 ({Much worse is} 21... Bxe4 $6 22. Rfe1 $11) 22. f3 Rfd8 23. Rfd1 {[#]} f5 $1 {[%cal Rf5e4][%mdl 512]} 24. Bc2 (24. exf5 Qe3+) 24... fxe4 25. fxe4 Rxd1+ 26. Rxd1 Rxd1+ 27. Bxd1 Qxe4 {[%csl Gb7][%cal Re4g2]} 28. Bf3 Qb1+ 29. Kf2 Bxf3 30. gxf3 {[%mdl 4096] Endgame KQ-KQ} Qa2+ 31. Kg3 Qe2 32. h4 Qe6 33. Qd3 Qe5+ 34. Kg4 $2 (34. f4 $17 Qe1+ 35. Kf3) 34... h5+ $19 35. Kh3 {[#]} Qe6+ $2 (35... Qf5+ $1 $19 {has better winning chances.} 36. Qxf5 gxf5) 36. Kg2 $17 Kf7 37. Kg3 $2 (37. a4 $17) 37... Qe5+ $19 38. Kh3 $2 (38. f4 Qe1+ 39. Kg2) 38... Qd4 $2 (38... Qf5+ 39. Qxf5+ gxf5) 39. Qe2 Kf6 40. Qf1 Qc3 41. a4 Qb3 42. Kg3 Qxa4 43. Qc1 Qe8 44. Qf4+ Kg7 45. Qc7+ Qf7 46. Qe5+ Kh7 47. Qb8 Qe7 ({Less strong is} 47... Qxc4 48. Qxa7+ Kh6 49. Qxb6 $17) 48. Qf4 a5 {[%cal Ba7a5,Ba5a4,Ba4a3][%mdl 32]} 49. Qb8 Qe1+ 50. Kh3 Qe6+ 51. Kg3 Qf6 ({Weaker is} 51... Qxc4 52. Qc7+ Kg8 53. Qd8+ Kf7 54. Qc7+ Ke6 55. Qxb6+ Kf5 56. Qb1+ Kf6 57. Qb6+ Qe6 58. Qxa5 $17) 52. Qa7+ Kh6 53. Qc7 $2 (53. Qa8) 53... a4 54. Qa7 Qe5+ 55. Kg2 Qb2+ 56. Kg3 a3 {Accuracy: White = 28%, Black = 66%.} 0-1

[Event "EYTCC U18 Girls 2019"]
[Site "Pardubice"]
[Date "2019.07.15"]
[Round "5.26"]
[White "TONCHEVA, Nadya"]
[Black "Sankova, Stella"]
[Result "1-0"]
[WhiteElo "2087"]
[BlackElo "1997"]
[Annotator "NA"]
[PlyCount "77"]
[EventDate "2019.07.11"]
[EventType "swiss"]
[EventCountry "CZE"]
[SourceTitle "playchess.com"]
[Source "ChessBase"]
[SourceQuality "1"]
[BlackTeam "Slovakia"]
[BlackTeamCountry "SVK"]
[TimeControl "40/5400+30:1800+30"]

1. d4 {[%emt 0:00:00]} Nf6 {[%emt 0:00:00]} 2. c4 {[%emt 0:00:00]} e6 {[%emt 0:00:00]} 3. Nc3 {[%emt 0:00:00]} Bb4 {[%emt 0:00:00]} 4. e3 {[%emt 0:00:00]} O-O {[%emt 0:00:01]} 5. Bd3 {[%emt 0:00:00]} d5 {[%emt 0:00:10]} 6. cxd5 {[%emt 0:00:00]} exd5 {[%emt 0:00:06]} 7. Nge2 {[%emt 0:00:00]} Bd6 {[%emt 0:00:53]} 8. Ng3 {[%emt 0:02:51]} Re8 {[%emt 0:03:41]} 9. O-O {[%emt 0:02:09]} a5 {[%emt 0:01:33]} 10. Nf5 {[%emt 0:02:39]} Bxf5 {[%emt 0:08:19]} 11. Bxf5 {[%emt 0:00:06]} c6 {[%emt 0:07:24]} 12. Kh1 {[%emt 0:05:49]} Na6 {[%emt 0:17:12]} 13. a3 {[%emt 0:05:32]} Nc7 {[%emt 0:09:00]} 14. f3 {[%emt 0:07:49]} c5 {[%emt 0:02:41]} 15. Ne2 {[%emt 0:04:21]} Ne6 {[%emt 0:06:06]} 16. Bb1 {[%emt 0:19:38]} Qc7 {[%emt 0:03:09]} 17. Nc3 {[%emt 0:04:48]} Qc6 {[%emt 0:05:58]} 18. Bc2 {[%emt 0:07:36]} b5 {[%emt 0:04:45]} 19. Qd3 {[%emt 0:06:33]} Nc7 {[%emt 0:08:07]} 20. e4 {[%emt 0:10:03]} cxd4 {[%emt 0:02:51]} 21. exd5 {[%emt 0:03:17]} Ncxd5 {[%emt 0:08:54]} 22. Nxb5 {[%emt 0:03:18]} Bc5 {[%emt 0:01:48]} 23. Ba4 {[%emt 0:04:15]} Qa6 {[%emt 0:01:32]} 24. Bg5 {[%emt 0:03:29]} Re5 {[%emt 0:01:55]} 25. Bxf6 {[%emt 0:03:06]} Qxf6 {[%emt 0:00:30]} 26. Rac1 {[%emt 0:03:54]} Ne3 {[%emt 0:01:22]} 27. Rf2 {[%emt 0:00:11]} Qh4 {[%emt 0:01:09]} 28. g3 {[%emt 0:00:27]} Qh6 {[%emt 0:01:34]} 29. f4 {[%emt 0:01:26]} Ng4 {[%emt 0:00:59]} 30. Rg2 {[%emt 0:00:42]} Re3 {[%emt 0:01:27]} 31. Qf5 {[%emt 0:00:04]} Qh3 {[%emt 0:01:43]} 32. Qxc5 {[%emt 0:01:06]} Rae8 {[%emt 0:00:10]} 33. Qc2 {[%emt 0:00:33]} d3 {[%emt 0:00:28]} 34. Qd1 {[%emt 0:00:40]} Re2 {[%emt 0:01:00]} 35. Rxe2 {[%emt 0:00:19]} dxe2 {[%emt 0:00:06]} 36. Qxe2 {[%emt 0:00:21]} Rd8 {[%emt 0:00:47]} 37. Qg2 {[%emt 0:00:17]} Qh5 {[%emt 0:00:33]} 38. h4 {[%emt 0:00:12]} Ne3 {[%emt 0:00:22]} 39. Qf2 {[%emt 0:01:14]} 1-0

[Event "EYTCC U18 Girls 2019"]
[Site "Pardubice"]
[Date "2019.07.15"]
[Round "5.27"]
[White "Kopcova, Ludmila"]
[Black "Muetsch, Annmarie"]
[Result "0-1"]
[WhiteElo "1980"]
[BlackElo "2266"]
[Annotator "ChessBase"]
[PlyCount "82"]
[EventDate "2019.07.11"]
[EventType "swiss"]
[EventCountry "CZE"]
[SourceTitle "playchess.com"]
[Source "ChessBase"]
[SourceQuality "1"]
[WhiteTeam "Czech Republic"]
[BlackTeam "Germany"]
[WhiteTeamCountry "CZE"]
[BlackTeamCountry "GER"]
[TimeControl "40/5400+30:1800+30"]

1. d4 {[%emt 0:00:00]} Nf6 {[%emt 0:00:00]} 2. c4 {[%emt 0:00:00]} g6 {[%emt 0:00:00]} 3. Nc3 {[%emt 0:00:00]} Bg7 {[%emt 0:00:00]} 4. e4 {[%emt 0:00:00]} d6 {[%emt 0:00:00]} 5. f3 {[%emt 0:00:04]} O-O {[%emt 0:00:23]} 6. Be3 {[%emt 0:00:16]} Nc6 {[%emt 0:00:20]} 7. Nge2 {[%emt 0:00:35]} a6 {[%emt 0:00:16]} 8. Qd2 {[%emt 0:02:23]} Na5 {[%emt 0:00:11]} 9. Ng3 {[%emt 0:02:03]} b5 {[%emt 0:00:22]} 10. cxb5 {[%emt 0:05:37]} axb5 {[%emt 0:00:07]} 11. Rc1 {[%emt 0:01:41]} c6 {[%emt 0:00:27]} 12. d5 {[%emt 0:02:09]} b4 {[%emt 0:05:04]} 13. Nb1 {[%emt 0:03:33]} c5 {[%emt 0:11:18]} 14. Bh6 {[%emt 0:05:45]} e6 {[%emt 0:05:36]} 15. dxe6 {[%emt 0:02:46]} Bxe6 {[%emt 0:00:18]} 16. Bxg7 {[%emt 0:01:30]} Kxg7 {[%emt 0:00:05]} 17. b3 {[%emt 0:00:57]} Qb6 {[%emt 0:06:59]} 18. Qf2 {[%emt 0:08:14]} Nc6 {[%emt 0:08:32]} 19. Bd3 {[%emt 0:17:37]} Ne5 {[%emt 0:11:37]} 20. Rd1 {[%emt 0:01:31]} Qa5 {[%emt 0:01:15]} 21. Bc2 {[%emt 0:05:09]} Qxa2 {[%emt 0:05:57]} 22. O-O {[%emt 0:03:12]} Rad8 {[%emt 0:06:15]} 23. Nc3 {[%emt 0:10:39]} Qa8 {[%emt 0:12:28]} 24. Nce2 {[%emt 0:03:11]} Nc6 {[%emt 0:01:34]} 25. Ra1 {[%emt 0:02:18]} Qb7 {[%emt 0:00:18]} 26. f4 {[%emt 0:03:08]} Ng4 {[%emt 0:06:33]} 27. Qf3 {[%emt 0:00:29]} c4 {[%emt 0:00:33]} 28. h3 {[%emt 0:05:37]} Qb6+ {[%emt 0:00:42]} 29. Kh1 {[%emt 0:00:26]} Ne3 {[%emt 0:00:26]} 30. Rfc1 {[%emt 0:02:02]} Nxc2 {[%emt 0:03:13]} 31. Rxc2 {[%emt 0:00:12]} c3 {[%emt 0:04:52]} 32. Rb1 {[%emt 0:00:38]} Na5 {[%emt 0:00:31]} 33. Nc1 {[%emt 0:00:11]} d5 {[%emt 0:01:38]} 34. exd5 {[%emt 0:00:57]} Bxd5 {[%emt 0:00:46]} 35. Qf1 {[%emt 0:00:25]} f5 {[%emt 0:01:27]} 36. Re2 {[%emt 0:02:01]} Rfe8 {[%emt 0:00:11]} 37. Qe1 {[%emt 0:01:04]} Bf7 {[%emt 0:01:22]} 38. Kh2 {[%emt 0:01:28]} Rxe2 {[%emt 0:03:05]} 39. Ngxe2 {[%emt 0:01:16]} Qe3 {[%emt 0:01:44]} 40. Qf1 {[%emt 0:02:04]} Rd2 {[%emt 0:01:11]} 41. Ng3 {[%emt 0:30:14]} c2 {[%emt 0:31:15]} 0-1

[Event "EYTCC U18 Girls 2019"]
[Site "Pardubice"]
[Date "2019.07.15"]
[Round "5.28"]
[White "Schneider, Jana"]
[Black "Gresova, Zuzana"]
[Result "1/2-1/2"]
[WhiteElo "2216"]
[BlackElo "1919"]
[Annotator "NA"]
[PlyCount "75"]
[EventDate "2019.07.11"]
[EventType "swiss"]
[EventCountry "CZE"]
[SourceTitle "playchess.com"]
[Source "ChessBase"]
[SourceQuality "1"]
[WhiteTeam "Germany"]
[BlackTeam "Czech Republic"]
[WhiteTeamCountry "GER"]
[BlackTeamCountry "CZE"]
[TimeControl "40/5400+30:1800+30"]

1. e4 {[%emt 0:00:00]} c5 {[%emt 0:00:00]} 2. Nf3 {[%emt 0:00:00]} d6 {[%emt 0:00:00]} 3. d4 {[%emt 0:00:00]} cxd4 {[%emt 0:00:00]} 4. Nxd4 {[%emt 0:00:00]} Nf6 {[%emt 0:00:03]} 5. Nc3 {[%emt 0:00:00]} a6 {[%emt 0:00:10]} 6. Be3 {[%emt 0:00:04]} e5 {[%emt 0:00:57]} 7. Nf3 {[%emt 0:00:08]} Be7 {[%emt 0:01:16]} 8. Bc4 {[%emt 0:00:12]} O-O {[%emt 0:00:29]} 9. O-O {[%emt 0:00:10]} Be6 {[%emt 0:01:12]} 10. Bb3 {[%emt 0:00:20]} b5 {[%emt 0:04:02]} 11. a3 {[%emt 0:15:35]} Nc6 {[%emt 0:10:24]} 12. Bg5 {[%emt 0:02:11]} Na5 {[%emt 0:08:50]} 13. Bxf6 {[%emt 0:03:47]} Bxf6 {[%emt 0:01:26]} 14. Bd5 {[%emt 0:01:07]} Rc8 {[%emt 0:01:48]} 15. Qd2 {[%emt 0:22:25]} Qd7 {[%emt 0:08:12]} 16. Rad1 {[%emt 0:04:50]} Rfd8 {[%emt 0:02:49]} 17. Rfe1 {[%emt 0:03:55]} h6 {[%emt 0:12:49]} 18. Qe2 {[%emt 0:04:37]} Qc7 {[%emt 0:02:46]} 19. Rd2 {[%emt 0:06:03]} Be7 {[%emt 0:08:03]} 20. Red1 {[%emt 0:01:13]} Qb6 {[%emt 0:01:36]} 21. Ne1 {[%emt 0:09:06]} Rc7 {[%emt 0:09:50]} 22. Bxe6 {[%emt 0:00:39]} fxe6 {[%emt 0:01:45]} 23. Qg4 {[%emt 0:00:06]} Kf7 {[%emt 0:03:01]} 24. Rd3 {[%emt 0:01:26]} Bf6 {[%emt 0:00:47]} 25. Rf3 {[%emt 0:02:15]} Rf8 {[%emt 0:02:39]} 26. Ne2 {[%emt 0:03:07]} Ke7 {[%emt 0:01:27]} 27. Ng3 {[%emt 0:00:33]} Rf7 {[%emt 0:06:32]} 28. Nh5 {[%emt 0:00:35]} Nb7 {[%emt 0:00:52]} 29. Qg6 {[%emt 0:01:00]} Nd8 {[%emt 0:02:38]} 30. Nxg7 {[%emt 0:03:22]} Bxg7 {[%emt 0:00:36]} 31. Rxf7+ {[%emt 0:00:07]} Nxf7 {[%emt 0:00:09]} 32. Qxg7 {[%emt 0:00:08]} Rc4 {[%emt 0:00:31]} 33. Qg4 {[%emt 0:08:54]} d5 {[%emt 0:00:53]} 34. Qh4+ {[%emt 0:01:05]} Ke8 {[%emt 0:00:26]} 35. Qf6 {[%emt 0:01:09]} Rxe4 {[%emt 0:00:58]} 36. Nf3 {[%emt 0:01:44]} Rf4 {[%emt 0:02:53]} 37. Qg6 {[%emt 0:00:31]} Qd6 {[%emt 0:02:32]} 38. Qg3 {[%emt 0:04:06]} 1/2-1/2

[Event "EYTCC U18 Girls 2019"]
[Site "Pardubice"]
[Date "2019.07.15"]
[Round "5.29"]
[White "Lehaci, Miruna-Daria"]
[Black "Katkov, Michelle"]
[Result "1/2-1/2"]
[WhiteElo "2201"]
[BlackElo "2129"]
[Annotator "NA"]
[PlyCount "62"]
[EventDate "2019.07.11"]
[EventType "swiss"]
[EventCountry "CZE"]
[SourceTitle "playchess.com"]
[Source "ChessBase"]
[SourceQuality "1"]
[WhiteTeam "Romania"]
[BlackTeam "Israel"]
[WhiteTeamCountry "ROU"]
[BlackTeamCountry "ISR"]
[TimeControl "40/5400+30:1800+30"]

1. c4 {[%emt 0:00:00]} Nf6 {[%emt 0:00:09]} 2. Nc3 {[%emt 0:00:00]} e6 {[%emt 0:00:24]} 3. e4 {[%emt 0:00:00]} d5 {[%emt 0:00:34]} 4. e5 {[%emt 0:00:00]} d4 {[%emt 0:00:58]} 5. exf6 {[%emt 0:00:00]} dxc3 {[%emt 0:00:06]} 6. bxc3 {[%emt 0:00:00]} Qxf6 {[%emt 0:00:20]} 7. d4 {[%emt 0:00:00]} e5 {[%emt 0:03:46]} 8. Nf3 {[%emt 0:00:11]} exd4 {[%emt 0:17:32]} 9. cxd4 {[%emt 0:00:06]} Bb4+ {[%emt 0:01:11]} 10. Bd2 {[%emt 0:00:06]} Bxd2+ {[%emt 0:00:20]} 11. Qxd2 {[%emt 0:00:05]} c5 {[%emt 0:04:32]} 12. Be2 {[%emt 0:11:20]} Nc6 {[%emt 0:07:47]} 13. Rd1 {[%emt 0:03:05]} cxd4 {[%emt 0:01:23]} 14. Nxd4 {[%emt 0:01:18]} Nxd4 {[%emt 0:00:14]} 15. Qxd4 {[%emt 0:00:05]} Qxd4 {[%emt 0:00:17]} 16. Rxd4 {[%emt 0:00:05]} Be6 {[%emt 0:01:58]} 17. O-O {[%emt 0:04:57]} Rd8 {[%emt 0:05:12]} 18. Rxd8+ {[%emt 0:03:16]} Kxd8 {[%emt 0:00:04]} 19. f4 {[%emt 0:00:24]} f6 {[%emt 0:02:58]} 20. Bd3 {[%emt 0:07:37]} h6 {[%emt 0:04:26]} 21. Kf2 {[%emt 0:01:47]} Re8 {[%emt 0:06:28]} 22. a3 {[%emt 0:04:44]} b6 {[%emt 0:00:40]} 23. c5 {[%emt 0:08:53]} bxc5 {[%emt 0:00:06]} 24. Rc1 {[%emt 0:00:05]} Ke7 {[%emt 0:02:55]} 25. Rxc5 {[%emt 0:00:16]} Kd6 {[%emt 0:04:33]} 26. Rb5 {[%emt 0:02:32]} Bd5 {[%emt 0:03:02]} 27. Ra5 {[%emt 0:07:50]} Re7 {[%emt 0:00:12]} 28. g3 {[%emt 0:01:44]} Bc6 {[%emt 0:01:36]} 29. Bb5 {[%emt 0:05:09]} Bd5 {[%emt 0:00:15]} 30. Be2 {[%emt 0:00:55]} Bf7 {[%emt 0:06:37]} 31. Bf3 {[%emt 0:04:33]} Bc4 {[%emt 0:00:17]} 1/2-1/2